Geology and paleontology of the Santa Maria District, California, (Record no. 28541)
[ view plain ]
| 000 -LEADER | |
|---|---|
| fixed length control field | 01296cam a22003131 4500 |
| 001 - CONTROL NUMBER | |
| control field | gs 51000102 |
| 003 - CONTROL NUMBER IDENTIFIER | |
| control field | DLC |
| 005 - DATE AND TIME OF LATEST TRANSACTION | |
| control field | 20260227111357.0 |
| 008 - FIXED-LENGTH DATA ELEMENTS--GENERAL INFORMATION | |
| fixed length control field | 780307s1950 dcua f000 0 eng c |
| 010 ## - LIBRARY OF CONGRESS CONTROL NUMBER | |
| LC control number | gs 51000102 |
| 035 ## - SYSTEM CONTROL NUMBER | |
| System control number | (OCoLC)3693239 |
| 040 ## - CATALOGING SOURCE | |
| Original cataloging agency | U.S. Geol. Survey. Libr. |
| Transcribing agency | USlW |
| Modifying agency | ISS |
| -- | OCoLC |
| -- | DLC |
| 043 ## - GEOGRAPHIC AREA CODE | |
| Geographic area code | n-us-ca |
| 050 00 - LIBRARY OF CONGRESS CALL NUMBER | |
| Classification number | QE75 |
| Item number | .P9 no.222 |
| 051 ## - LIBRARY OF CONGRESS COPY, ISSUE, OFFPRINT STATEMENT | |
| Classification number | QE90.S17 |
| Item number | W6 |
| 082 ## - DEWEY DECIMAL CLASSIFICATION NUMBER | |
| Classification number | 560.9794 |
| 086 0# - GOVERNMENT DOCUMENT CLASSIFICATION NUMBER | |
| Classification number | I 19.16:222 |
| 100 1# - MAIN ENTRY--PERSONAL NAME | |
| Personal name | Woodring, W. P. |
| Fuller form of name | (Wendell Phillips), |
| Dates associated with a name | 1891-1983. |
| 245 10 - TITLE STATEMENT | |
| Title | Geology and paleontology of the Santa Maria District, California, |
| Statement of responsibility, etc. | by W. P. Woodring and M. N. Bramlette. Including a summary of the geologic features of producing and potential oil fields. |
| 260 ## - PUBLICATION, DISTRIBUTION, ETC. | |
| Place of publication, distribution, etc. | Washington, |
| Name of publisher, distributor, etc. | U.S. Govt. Print. Off., |
| Date of publication, distribution, etc. | 1950. |
| 300 ## - PHYSICAL DESCRIPTION | |
| Extent | iv, 185 p. |
| Other physical details | illus., plates (1 in pocket) fold. maps (1 in pocket) |
| Dimensions | 29 cm. |
| 490 1# - SERIES STATEMENT | |
| Series statement | Geological Survey professional paper, |
| Volume/sequential designation | 222 |
| 504 ## - BIBLIOGRAPHY, ETC. NOTE | |
| Bibliography, etc. note | "Annotated bibliography": p. 4-7. |
| 650 #0 - SUBJECT ADDED ENTRY--TOPICAL TERM | |
| Topical term or geographic name entry element | Geology |
| Geographic subdivision | California |
| -- | Santa Barbara County. |
| 650 #0 - SUBJECT ADDED ENTRY--TOPICAL TERM | |
| Topical term or geographic name entry element | Paleontology |
| Geographic subdivision | California |
| -- | Santa Barbara County. |
| 650 #0 - SUBJECT ADDED ENTRY--TOPICAL TERM | |
| Topical term or geographic name entry element | Petroleum |
| General subdivision | Geology |
| Geographic subdivision | California |
| -- | Santa Barbara County. |
| 700 1# - ADDED ENTRY--PERSONAL NAME | |
| Personal name | Bramlette, M. N. |
| Fuller form of name | (Milton Nunn), |
| Dates associated with a name | 1896-1977. |
| 810 2# - SERIES ADDED ENTRY--CORPORATE NAME | |
| Corporate name or jurisdiction name as entry element | Geological Survey (U.S.). |
| Title of a work | Professional paper ; |
| Volume/sequential designation | 222. |
No items available.